[Event "USA-ch Juniors 2018"]
[Site "Saint Louis"]
[Date "2018.07.18"]
[Round "6"]
[White "Li, Ruifeng"]
[Black "Liang, Awonder"]
[Result "1/2-1/2"]
[WhiteElo "2583"]
[BlackElo "2569"]
[Annotator "TA"]
[PlyCount "114"]
[EventDate "2018.07.12"]
[EventType "tourn"]
[EventCountry "USA"]
[SourceTitle "playchess.com"]
[Source "ChessBase"]
[SourceQuality "1"]

{[%evp 13,114,0,0,0,0,-17,-15,-23,8,8,18,25,19,22,19,19,19,18,22,20,25,0,7,5,31,29,27,27,27,32,39,32,23,6,12,9,15,0,0,3,13,14,25,0,0,0,0,0,12,10,25,24,24,18,29,24,29,37,61,66,73,32,66,6,8,0,0,0,0,0,0,0,0,0,0,0,0,0,0,0,0,0,0,0,0,0,0,0,0,0,0,0,0,0,0,0,0,0,0,0,0,0,0]} 1. e4 c6 2. d4 d5 3. exd5 cxd5 4. c4 Nf6 5. Nc3 Nc6 6. Nf3 Bg4 7. Bg5 {B13: Caro-Kann: Exchange Variation and Panov-Botvinnik Attack} (7. cxd5 Nxd5 8. Qb3 Bxf3 9. gxf3 e6 10. Qxb7 Nxd4 11. Bb5+ Nxb5 12. Qc6+ Ke7 13. Qxb5 Qd7 14. Nxd5+ Qxd5 15. Qxd5 exd5 16. Be3 Ke6 17. O-O-O Bb4 18. Rd3 Rhc8+ 19. Kb1 Bc5 20. Rc1 Bxe3 21. fxe3 g5 22. Ra3 Rxc1+ 23. Kxc1 a5 24. Kd1 Rb8 25. b3 Rb5 26. Ra4 h5 27. Ke1 f5 28. h3 Kd6 29. Ke2 Rc5 30. Kd2 Rb5 31. Ke2 Rc5 32. Kd2 Rb5 {½-½ (32) Ivanchuk,V (2729)-Najer,E (2706) Kocaeli 2017}) 7... Qa5 {LiveBook: 7 Games} 8. Bd2 Bxf3 9. Qxf3 $146 {[%cal Rc3d5]} ({Predecessor:} 9. gxf3 dxc4 10. Bxc4 Nxd4 11. Nb5 Qb6 12. Be3 e5 13. Bxd4 exd4 14. Qxd4 Bb4+ 15. Kf1 Qxd4 16. Nxd4 {0-1 (28) Sandor,L-Szoukup,H (1933) Budapest 2009}) 9... Nxd4 10. Qd1 e6 11. Nxd5 Qd8 12. Bc3 Bc5 13. Bxd4 Bxd4 14. Qxd4 exd5 15. O-O-O {[%cal Rc4d5]} dxc4 16. Qe5+ Qe7 17. Qb5+ Kf8 $132 {[%mdl 2048] Black is not keeping still} 18. Bxc4 a6 19. Qa5 Rc8 20. Rd4 {[#] Threatens to win with Re1.} g6 {Strongly threatening ...b5.} 21. Re1 Qc5 22. Qxc5+ Rxc5 23. Kd2 (23. b4 {with more complications.} Rc7 24. Kb2 Kg7 25. a4 h5 26. Kb3) 23... Rc7 24. a4 {[%cal Ba2a4,Ba4a5][%mdl 32]} Kg7 25. a5 Rhc8 26. b3 Kf8 27. Kc3 Nd7 28. f4 {[%cal Bf2f4,Bf4f5][%mdl 32]} b5 29. axb6 $1 Nxb6 30. Ra1 Ra7 31. Ra5 h5 32. f5 Rc6 33. h4 Kg7 34. g4 {White wants to play fxg6.} Nxc4 35. bxc4 gxf5 36. gxh5 $11 {[%mdl 4096] Endgame KRR-KRR} Kh6 37. Rxf5 a5 $1 38. Rdf4 (38. Rd8 $14) 38... Rcc7 {The position is equal.} 39. Rf2 a4 $1 40. Kb4 a3 41. Ra2 Rcb7+ 42. Rb5 f5 43. Rxa3 Rxb5+ 44. cxb5 {KR-KR} Rf7 $1 45. b6 f4 46. Ra7 Rf8 47. Ra1 Kxh5 48. Rh1 f3 49. Kc5 Rf5+ 50. Kc6 Rf6+ 51. Kc7 {[#] aiming for b7.} Rf7+ 52. Kc6 Rf6+ 53. Kc5 {b7 is the strong threat.} Rf5+ 54. Kc4 {Hoping for b7.} Rf4+ 55. Kb5 f2 56. Rf1 Kxh4 57. b7 Rf8 {Precision: White = 53%, Black = 82%.} 1/2-1/2

[Event "USA-ch Juniors 2018"]
[Site "Saint Louis"]
[Date "2018.07.18"]
[Round "6"]
[White "Tang, Andrew"]
[Black "Burke, John Michael"]
[Result "0-1"]
[WhiteElo "2507"]
[BlackElo "2608"]
[Annotator "TA"]
[PlyCount "82"]
[EventDate "2018.07.12"]
[EventType "tourn"]
[EventCountry "USA"]
[SourceTitle "playchess.com"]
[Source "ChessBase"]
[SourceQuality "1"]

{[%evp 19,82,0,13,0,0,0,0,0,2,7,20,14,20,22,21,22,24,18,18,-10,-15,-11,-5,-6,-13,-80,-76,-95,-89,-199,-170,-165,-89,-75,-25,-52,-8,-13,39,4,162,163,123,51,292,113,329,319,294,297,501,312,285,41,41,41,41,41,31,22,22,22,22,-820,-862]} 1. d4 g6 2. Nf3 Bg7 3. Bg5 Nf6 4. e3 O-O 5. Bd3 d6 6. O-O c5 {A48: 1 d4 Nf6 2 Nf3 g6: Torre, London and Colle Systems} (6... Nbd7 7. Nbd2 h6 8. Bh4 e5 9. c3 Qe7 10. Qc2 c6 11. Rad1 Re8 12. dxe5 Nxe5 13. Nxe5 dxe5 14. Ne4 g5 15. Bg3 Nd5 {0-1 (64) Thorfinnsson,B (2400)-Vachier Lagrave,M (2793) chess.com INT 2018}) 7. c3 Nbd7 8. Nbd2 b6 9. Re1 Bb7 10. e4 h6 {LiveBook: 3 Games} 11. Bh4 cxd4 12. cxd4 Rc8 13. a4 $146 ({Predecessor:} 13. Qe2 Nh5 14. Qe3 Ndf6 15. Bxf6 Nxf6 {½-½ (26) Majer,D (2191)-Cimicki,D (2132) LSS email 2013}) 13... Nh5 14. a5 Nf4 15. Bf1 bxa5 16. Nc4 g5 17. Nxa5 Ba8 18. Bg3 Nh5 19. Bd3 Nxg3 20. hxg3 e6 21. Qd2 g4 22. Nh4 (22. Nh2 $11) 22... Qg5 $17 ({Reject} 22... Bxd4 $6 23. Ba6 $11) 23. Qb4 Rb8 24. Qc3 (24. Qxd6 $17 Rfd8 25. f4) 24... Rfc8 25. Nc4 d5 (25... Nc5 $19 {Hoping for ...Rb3.} 26. Rxa7 Rb3) 26. exd5 exd5 27. Rxa7 dxc4 28. Bf5 Nb6 {[#]} (28... Rb3 $11 29. Qa5 Bb7 30. Bxd7 Qxa5 31. Rxa5 Rd8) 29. Rxf7 $1 $14 {[%mdl 512]} Nd5 $2 (29... Bd5 $1 $11 30. Rfe7 Rf8) (29... Kxf7 30. Be6+) 30. Qa3 $1 $18 {[%cal Ra3a7][%mdl 1024] White has strong compensation.} Re8 (30... Kxf7 $2 {loses.} 31. Be6+ Ke8 32. Bxd5+ Be5 33. Rxe5+ Qxe5 34. dxe5 $18) 31. Be6 (31. Rxe8+ $16 Rxe8 32. Ra7) 31... Kh8 $2 (31... Rxe6 $1 $14 32. Rxg7+ Qxg7 33. Rxe6 Qf8) 32. Nf5 $2 (32. Qa7 $1 $18 {is the precise move to win. Strongly threatening Re5!} Rg8 33. Re5 $1 {[%mdl 512]} Qc1+ 34. Kh2 Qxb2 35. Rh5) 32... Bf6 $2 (32... Qd2 $16 {was worth a try.} 33. Qa1 Rf8) 33. Qa7 {[%csl Ga7][%cal Rf7h7]} Qg6 34. Nd6 $1 {[%csl LRc4,LRe8]} Bg7 $2 (34... Bc6) 35. Nxe8 Rxe8 {[#]} 36. Re2 $2 (36. Re5 $1 $18 {[%mdl 512] White threatens Bf5 and mate.} Bxe5 37. dxe5) 36... Bc6 $1 $14 37. Bf5 Qxf7 $1 38. Qxf7 Rxe2 39. Bxg4 Re7 40. Qf5 {Bf3 is the strong threat.} Nf6 41. Qc8+ $2 {[%mdl 8192]} (41. Bf3 $11 Re1+ 42. Kh2 Bxf3 43. gxf3) 41... Re8 {Precision: White = 39%, Black = 36%.} 0-1

[Event "USA-ch Juniors 2018"]
[Site "Saint Louis"]
[Date "2018.07.18"]
[Round "6"]
[White "Chandra, Akshat"]
[Black "Patel, Advait"]
[Result "1-0"]
[WhiteElo "2486"]
[BlackElo "2461"]
[Annotator "TA"]
[PlyCount "71"]
[EventDate "2018.07.12"]
[EventType "tourn"]
[EventCountry "USA"]
[SourceTitle "playchess.com"]
[Source "ChessBase"]
[SourceQuality "1"]

{[%evp 23,71,71,84,24,60,50,64,51,100,61,81,83,91,72,90,89,91,97,148,157,138,113,114,86,98,66,72,30,23,-8,0,0,87,89,134,150,138,75,137,93,488,500,667,555,29990,29991,29992,29993,29998,29999]} 1. d4 Nf6 2. c4 g6 3. Nc3 Bg7 4. e4 d6 5. h3 Nbd7 6. Nf3 e5 7. d5 Nc5 8. Qc2 a5 9. g4 O-O 10. Be3 Qe7 11. Nd2 c6 12. Be2 Bd7 {LiveBook: 3 Partien} 13. Rg1 $146 {E92: Königsindisch (Klassisches System)} (13. O-O-O $16) ({Vorgänger:} 13. a4 Na6 14. Kf1 Nb4 15. Qd1 Ne8 16. Kg2 f5 17. f3 Bf6 18. Rc1 c5 19. Nf1 Bg5 20. b3 Ng7 {0-1 (34) Grigoryan,A (2572)-Demchenko,A (2610) St Petersburg 2012}) 13... Ne8 14. h4 {[%cal Bh3h4,Bh4h5][%mdl 32]} Nc7 15. h5 {Weiß steht etwas besser.} Rfc8 16. a3 cxd5 17. exd5 N7a6 18. hxg6 hxg6 19. Nde4 Nxe4 20. Nxe4 Nc7 (20... Nc5 $142) 21. Qd2 $16 Ne8 22. g5 Bf5 23. Nc3 Qd7 24. a4 Nc7 25. Bd3 Na6 {Droht ...Sb4 und aus.} 26. Nb5 Bxd3 27. Qxd3 e4 (27... Nc5 $1 $11 28. Bxc5 e4) 28. Qxe4 Bxb2 29. Rb1 Bg7 30. Kf1 ({Lieber} 30. Qg4 Qe7 31. Kf1) 30... Nc5 (30... Qh3+ $142 31. Ke2 Nc5) 31. Qh4 Nxa4 $2 {[%mdl 8192]} (31... Re8 $16 {ist eine bessere Chance.}) 32. Rh1 $18 {[#] Weiss droht Ld4 und Matt.} Qf5 {...Dd3+ ist eine echte Drohung.} 33. Kg2 Be5 34. Nxd6 {Weiß setzt Matt.} Qd7 35. Bd4 Rxc4 {[#]} 36. Qh8+ $1 {[%mdl 512] Precision: Weiß = 70%, Schwarz = 26%.} 1-0

[Event "USA-ch Juniors 2018"]
[Site "Saint Louis"]
[Date "2018.07.18"]
[Round "6"]
[White "Balakrishnan, Praveen"]
[Black "Wang, Annie"]
[Result "1-0"]
[WhiteElo "2411"]
[BlackElo "2299"]
[Annotator "TA"]
[PlyCount "129"]
[EventDate "2018.07.12"]
[EventType "tourn"]
[EventCountry "USA"]
[SourceTitle "playchess.com"]
[Source "ChessBase"]
[SourceQuality "1"]

{[%evp 26,129,0,0,0,19,20,4,18,25,33,17,15,14,16,15,89,72,89,61,96,105,106,72,89,67,70,60,85,73,66,72,72,75,71,85,93,28,28,29,88,81,77,81,117,112,130,134,138,84,84,84,84,84,85,76,210,203,202,202,202,196,193,179,186,175,202,202,206,189,212,206,415,415,409,401,401,401,378,349,399,391,353,235,1283,1267,1889,1364,3817,3212,1680,1468,29955,12253,6219,5289,29971,29969,29970,29971,29974,29975,29975,29976,29980,29981]} 1. e4 e6 2. d4 d5 3. Nc3 Nf6 4. e5 Nfd7 5. f4 c5 6. Nf3 Nc6 7. Be3 a6 8. Qd2 b5 9. dxc5 Bxc5 10. Bd3 {C11: French: Classical System: 4 e5 and 4 Bg5 dxe4} (10. Ne2 O-O 11. Ned4 Qb6 12. c3 b4 13. Bd3 a5 14. O-O Ba6 15. Kh1 Bxd3 16. Qxd3 Qa6 17. Qc2 bxc3 18. bxc3 {½-½ (31) Dominguez Perez,L (2739)-So,W (2788) Saint Louis 2017}) 10... Qb6 11. Bf2 h6 12. O-O Bxf2+ 13. Qxf2 Qxf2+ 14. Kxf2 {LiveBook: 3 Games} g5 15. g3 g4 16. Nd2 {[%cal Bf3d2,Bd2b3,Bb3d4][%mdl 32]} Bb7 $146 ({Predecessor:} 16... h5 17. Nb3 Ke7 18. Ne2 h4 19. Ke3 Nb6 20. Nbd4 Nxd4 {½-½ (20) Dunlop,G (2503)-Orsteinsson,O (2459) ICCF email 2016}) 17. Nb3 h5 18. Ne2 Ke7 19. Ned4 Nxd4 20. Nxd4 f6 (20... h4 $11 {remains equal.}) 21. exf6+ $16 Kxf6 22. Rae1 Rhe8 23. Kg2 Re7 24. h3 gxh3+ 25. Kxh3 Rg8 26. Rh1 Nf8 27. Re3 Reg7 28. Be2 Bc8 {[#] Threatens to win with ...e5+.} 29. Kg2 Ng6 30. Rf1 $36 {[%mdl 2048] White has strong initiative.} ({But not} 30. Bxh5 Nxf4+ 31. Kf2 e5 $11) 30... Rh8 31. Bd3 (31. c3 $16) 31... Nf8 $11 32. Kf3 Ng6 (32... Rhg8 $1 $11 {keeps the balance.}) 33. Bxg6 Rxg6 34. Rh1 Bd7 35. Re5 Rgh6 36. Rhe1 {[%cal Rd4e6]} Re8 37. f5 (37. a3 $142) 37... Kf7 $16 38. fxe6+ Bxe6 39. Kg2 Rf6 40. c3 Re7 (40... Bd7 $16 {is a better defense.}) 41. R1e2 $18 Re8 42. Rxh5 Bg4 43. Rh7+ Kg6 44. Rxe8 Kxh7 {[%mdl 4096] Endgame KRB-KRN} 45. Rd8 Kg7 46. Rxd5 Bc8 {[#] aiming for ...Bb7.} 47. Re5 Bb7+ 48. Kg1 {Hoping for Re7+.} Kg6 $2 (48... Kf7 49. a3 Rh6) 49. Re6 Bd5 50. Rxf6+ Kxf6 {KB-KN} 51. a3 Ke5 52. Kh2 Ke4 53. Kh3 Kd3 54. Kg4 Kd2 $2 (54... a5 55. Kf5 b4 56. cxb4 (56. axb4 axb4 57. c4 Bxc4 $11) 56... axb4) 55. Kf4 Kc1 56. Ke5 Bg8 57. b4 Kb2 58. Nc6 Kxc3 59. Nb8 Kb3 60. Nxa6 Kxa3 61. Kd4 {White mates.} Be6 62. Kc5 Ka4 63. Nc7 Bd7 64. Nd5 Bf5 65. Nc3+ {Precision: White = 74%, Black = 41%.} 1-0

[Event "USA-ch Juniors 2018"]
[Site "Saint Louis"]
[Date "2018.07.18"]
[Round "6"]
[White "Bian, Alex"]
[Black "Brattain, Mika"]
[Result "1-0"]
[WhiteElo "2291"]
[BlackElo "2399"]
[Annotator "TA"]
[PlyCount "97"]
[EventDate "2018.07.12"]
[EventType "tourn"]
[EventCountry "USA"]
[SourceTitle "playchess.com"]
[Source "ChessBase"]
[SourceQuality "1"]

{[%evp 26,97,-18,-18,-16,-23,-28,-37,-18,-34,-33,-68,-31,-55,0,0,44,28,38,0,0,0,0,0,25,-81,-79,-106,-100,-104,-103,-97,-98,-113,-93,-244,-240,-236,-185,-189,-160,-229,-229,-213,-201,-200,-201,-168,0,0,278,277,258,267,252,268,370,348,411,437,550,389,555,552,548,535,543,539,518,495,532,527,527,523]} 1. e4 c5 2. Nf3 d6 3. d4 Nf6 4. Nc3 cxd4 5. Nxd4 a6 6. Bg5 e6 {[%cal Be7e6,Be6e5][%mdl 32]} 7. f4 Be7 8. Qf3 Qc7 9. O-O-O Nbd7 10. f5 e5 {B99: Sicilian Najdorf: 6 Bg5 e6 7 f4 Be7 8 Qf3 Qc7 9 0-0-0 Nbd7} (10... Ne5 11. Qg3 b5 12. fxe6 fxe6 13. Bd3 O-O 14. Rhf1 Bd7 15. Kb1 Rf7 16. Nf3 Nxd3 17. cxd3 b4 18. Ne2 {1-0 (36) Negi,P (2622)-Wen,Y (2545) Mashhad 2011}) 11. Nde2 b5 12. Bxf6 Nxf6 13. Nd5 Nxd5 14. exd5 {LiveBook: 4 Games} b4 15. Ng3 O-O 16. Bd3 $146 ({Predecessor:} 16. Kb1 Bd7 17. Bd3 a5 18. Ne4 {½-½ (30) Relyea,A (2200)-Taras,I (2334) ICCF email 2016}) 16... a5 17. Kb1 f6 18. Nh5 Rf7 19. g4 Bd7 (19... a4 $15 20. Bb5 a3) 20. h4 $11 Raf8 21. Rdg1 Qc5 22. g5 fxg5 23. hxg5 {[#] Qh3 is the strong threat.} Rxf5 24. Bxf5 Rxf5 25. Qd3 (25. Qe4 $11 {was the only way to keep the balance.} Qd4 26. Qxd4 exd4 27. g6) 25... g6 $17 26. Ng3 Rxg5 27. Rf1 Qd4 {[#] And now ...Qxd3 would win.} ({Much worse is} 27... Bb5 $6 28. Qf3 $11) 28. Ne4 {Strongly threatening Qa6.} Rf5 29. Rc1 Rf4 $36 {[%mdl 2048] Keeping White busy.} 30. Rhe1 $2 (30. Qxd4 $17 exd4 31. Rce1) 30... Bh4 31. Re2 Bg4 32. Rh2 Be7 ({Don't play} 32... Rxe4 33. Rxh4 Qxd3 34. cxd3 $15) 33. Re1 (33. Qxd4 $17 {was worth a try.} exd4 34. Nd2) 33... Bf5 $19 34. Qxd4 exd4 35. Nd2 Bf6 36. Nc4 Be5 $2 (36... d3 $19 37. Nxd6 dxc2+ 38. Kc1 Bd3) 37. Kc1 $1 $11 Be4 $2 {[%mdl 8192]} (37... Re4 $11 38. Rxe4 Bxh2 39. Rxd4 g5) 38. Nxe5 $18 dxe5 {[%mdl 4096] Endgame KRR-KRB} 39. d6 Bc6 40. Rxe5 Rf6 41. Re7 Rxd6 42. Rhxh7 a4 43. Reg7+ Kf8 44. Ra7 {[%cal Rh7h8] White is clearly winning.} Kg8 45. Rhc7 {White wants to mate with Rc8+.} Be8 46. Rc8 {[%cal Rc8e8]} Kf8 47. Rxa4 Ke7 48. Rxb4 g5 49. Rcc4 {Precision: White = 58%, Black = 64%.} 1-0

[Event "USA-ch Juniors 2018"]
[Site "Saint Louis"]
[Date "2018.07.19"]
[Round "7"]
[White "Burke, John Michael"]
[Black "Li, Ruifeng"]
[Result "0-1"]
[WhiteElo "2608"]
[BlackElo "2583"]
[Annotator "TA"]
[PlyCount "90"]
[EventDate "2018.07.12"]
[EventType "tourn"]
[EventCountry "USA"]
[SourceTitle "playchess.com"]
[Source "ChessBase"]
[SourceQuality "1"]

{[%evp 12,90,43,49,60,56,62,62,65,59,56,38,37,45,84,41,47,38,41,26,46,0,0,-1,-9,-10,-17,-33,0,-2,34,26,44,28,26,10,8,-39,41,42,54,50,66,53,45,44,114,104,225,195,236,225,291,177,256,75,78,94,74,0,0,-17,0,-132,-124,-155,-156,-293,-295,-414,-372,-563,-560,-1194,-1106,-29992,-29993,-29993,-29994,-29994,-29995]} 1. e4 Nc6 2. Nf3 d6 3. d4 Nf6 4. Nc3 g6 5. h3 Bg7 6. Bg5 {B00: Damenfianchetto, Nimzowitsch-Verteidigung} (6. Be3 O-O 7. Qd2 a6 8. Bd3 e5 9. d5 Ne7 10. g4 c6 11. dxc6 bxc6 12. O-O-O d5 13. Nxe5 Nxe4 14. Bxe4 Bxe5 15. Bg2 {0-1 (27) Movsesian,S (2647)-Carlsen,M (2837) Riadh 2017}) 6... h6 7. Be3 {LiveBook: 6 Partien} e6 8. Qd2 {Weiß steht etwas besser.} a6 9. Bd3 b6 10. O-O $146 ({Vorgänger:} 10. Rd1 Bb7 11. O-O Ne7 12. Rfe1 Qd7 13. Qe2 {½-½ (57) Blomqvist,E (2541)-Hillarp Persson,T (2513) Sweden 2017}) 10... Bb7 11. a3 Ne7 12. Rfe1 g5 13. e5 Nd7 {[%cal Rd6e5]} 14. exd6 cxd6 15. Ne4 Qc7 16. Qc3 Bc6 17. Rad1 O-O 18. Ng3 Qb7 19. Be2 Nf6 20. Qd2 Ne4 21. Nxe4 Bxe4 22. h4 $1 f6 23. c4 Nf5 24. hxg5 hxg5 (24... Nxe3 $6 25. Qxe3 fxg5 26. Nd2 $16 (26. Bd3 Bxf3 27. gxf3 Rae8 $14)) (24... fxg5 $15 25. d5 Nxe3 26. Qxe3 exd5) 25. d5 $14 e5 26. b4 Rad8 27. Bd3 Bxd3 28. Qxd3 Ne7 (28... Nxe3 $14 29. Qxe3 (29. Rxe3 g4 $11) 29... b5) 29. c5 $16 g4 (29... bxc5 $16 30. bxc5 Qb5) 30. Nh4 $18 f5 31. Bg5 ({Und nicht} 31. cxb6 f4 $11) 31... e4 32. Qg3 Bf6 (32... bxc5 $142 33. bxc5 Bf6) 33. cxd6 $2 (33. c6 $18 {ist der präzise Gewinnweg.} Qa7 34. Qf4) 33... Bxg5 $16 34. dxe7 Bxe7 35. Nxf5 (35. d6 $16 Bxh4 36. Qxh4) 35... Rxf5 $11 36. Rxe4 Rdxd5 37. Rde1 (37. Qxg4+ $11 Kh8 38. Rxd5 Rxd5 39. g3) 37... Rg5 $17 38. Qh4 {[#]} (38. Rxe7 $2 Qxe7 $1 {[%mdl 512]} 39. Rxe7 Rd1+ 40. Kh2 Rh5+ 41. Qh4 Rxh4+ $19) 38... g3 $1 39. f4 (39. Rxe7 $2 Qxe7 $1 {[%mdl 512]} 40. Rf1 Qe2 $19) (39. fxg3 $17 Bf8 40. Re8) (39. fxg3 Bf8) 39... Rg7 $19 40. Qh6 ({Aber nicht} 40. Rxe7 $2 {[#]} Qxe7 $1 {[%mdl 512]} 41. Qxg3 Rxg3 $19) (40. Qh3 {war die einzige Chance.} Qd7 41. Qxd7 Rxd7 42. Kf1) 40... Bf8 41. Re8 (41. Re5 {ist wohl besser.} Rd2 42. Qe6+ Qf7 43. Qxb6) 41... Qd7 {( -> ...Dxe8!)} 42. Ra8 {[#]} Qe7 $1 {[%cal Re7e1][%mdl 512]} 43. Rf1 (43. Rxe7 Rd1+) 43... Qe3+ {Schwarz setzt Matt.} 44. Kh1 Qe2 {[%cal Re2f1]} 45. Kg1 Rd1 {Precision: Weiß = 44%, Schwarz = 60%.} 0-1

[Event "USA-ch Juniors 2018"]
[Site "Saint Louis"]
[Date "2018.07.19"]
[Round "7"]
[White "Liang, Awonder"]
[Black "Bian, Alex"]
[Result "1-0"]
[WhiteElo "2569"]
[BlackElo "2291"]
[Annotator "TA"]
[PlyCount "53"]
[EventDate "2018.07.12"]
[EventType "tourn"]
[EventCountry "USA"]
[SourceTitle "playchess.com"]
[Source "ChessBase"]
[SourceQuality "1"]

{[%evp 9,53,0,31,21,37,14,38,45,41,29,66,0,0,0,0,0,0,0,14,19,16,39,65,60,238,157,111,110,146,72,109,114,231,187,222,222,231,231,215,216,229,222,210,209,510,506]} 1. Nf3 c5 2. g3 Nc6 3. Bg2 g6 4. O-O Bg7 5. c3 Qb6 (5... e5 6. e4 Nge7 7. d3 O-O 8. a3 a5 9. a4 d5 10. exd5 Nxd5 11. Na3 h6 12. Nc4 Re8 13. Re1 Qc7 14. Qb3 Be6 15. Bd2 Rad8 16. Rad1 {½-½ (62) Shankland,S (2662)-Salem,A (2638) Sitges 2017}) 6. e4 {A04: Holländisches System ohne Übergang in andere Systeme} d6 7. Re1 e5 $146 ({Vorgänger:} 7... Bg4 8. d3 Nf6 9. h3 Bxf3 10. Bxf3 O-O 11. Na3 Rac8 12. Nc4 Qa6 13. Bg5 {0-1 (37) Brzovski,T-Ilic,L (2296) Struga 2009}) 8. Na3 {Weiß steht etwas besser.} Nge7 9. d4 exd4 10. cxd4 (10. Nc4 $14 Qc7 11. Bf4) 10... Nxd4 $11 11. Nxd4 Bxd4 12. Nc4 Qa6 13. Bf1 Be6 14. Be3 Bxc4 15. Bxd4 O-O 16. Bf6 Bxf1 $2 (16... Rae8 $14) 17. Qd2 {Weiss droht Dh6 und Matt.} ({Minderwertig wäre} 17. Rxf1 Rae8 $11) ({Schwächer ist} 17. Bxe7 Rfe8 $11) 17... d5 18. Bxe7 Rfe8 19. Bxc5 ({Schlechter ist} 19. Rxf1 Rxe7 20. Qxd5 Qe2 $11) (19. exd5 $142 Qd3 20. Qxd3 Bxd3 21. Bxc5) 19... Bd3 20. exd5 {[%cal Be4d5,Bd5d6][%mdl 32] Droht stark d6.} Qc4 (20... Be4 $16) 21. d6 Bf5 22. Bd4 $1 Qd5 {[#]} 23. Qf4 $1 Re4 24. Rxe4 $40 {[%mdl 128] Weiss greift entschieden an.} Qxe4 25. Qxe4 Bxe4 26. Bf6 Bc6 $2 {[#]} (26... Bf5 27. Re1 Bd7) 27. Rc1 $1 {Precision: Weiß = 82%, Schwarz = 30%.} 1-0

[Event "USA-ch Juniors 2018"]
[Site "Saint Louis"]
[Date "2018.07.19"]
[Round "7"]
[White "Patel, Advait"]
[Black "Tang, Andrew"]
[Result "1/2-1/2"]
[WhiteElo "2461"]
[BlackElo "2507"]
[Annotator "TA"]
[PlyCount "124"]
[EventDate "2018.07.12"]
[EventType "tourn"]
[EventCountry "USA"]
[SourceTitle "playchess.com"]
[Source "ChessBase"]
[SourceQuality "1"]

{[%evp 23,124,36,34,22,24,37,34,28,33,34,27,30,96,89,85,29,26,20,47,41,107,93,128,128,128,128,128,139,163,155,132,135,113,111,158,145,156,155,143,156,144,143,154,162,177,179,191,180,202,196,256,194,257,162,175,164,230,237,302,295,408,393,412,404,398,386,364,358,433,441,406,442,436,441,423,419,402,383,622,626,1081,43,50,50,50,0,0,0,0,0,0,0,0,0,0,-3,0,-3,-3,-3,0,0,0]} 1. e4 e5 2. Nf3 Nc6 3. Bb5 a6 4. Ba4 Nf6 5. O-O d6 6. Re1 Bd7 7. c3 g6 8. d4 b5 9. Bc2 Bg7 10. Nbd2 O-O 11. h3 {C79: Ruy Lopez: Steinitz-type lines with 3...a6 4 Ba4 Nf6 5 0-0 d6} Re8 12. Nf1 Na5 {LiveBook: 3 Games} 13. b3 {[%cal Bb2b3,Bb3b4][%mdl 32] White is slightly better.} c5 14. d5 Nh5 {[#]} 15. Ng3 $146 ({Predecessor:} 15. Bg5 Qc7 16. Ng3 Nf4 17. Qd2 c4 {½-½ (59) Giri,A (2773)-Carlsen,M (2876) Stavanger 2015}) 15... Nxg3 16. fxg3 c4 17. Be3 Qc7 (17... Nb7 $11) 18. b4 $16 Nb7 19. Nh2 (19. a4 $16) 19... a5 $11 20. a3 {[%cal Ba2a3,Ba3a4][%mdl 32]} Ra6 21. Ng4 Bxg4 (21... axb4 $14 22. axb4 Bxg4 23. Qxg4 Rea8 24. Rxa6 Rxa6) 22. Qxg4 $16 Rea8 {[#]} 23. a4 $1 {[%cal Ra4b5]} axb4 24. cxb4 bxa4 25. Ra3 h5 26. Qe2 {[%mdl 1024] White has strong compensation.} Kh7 27. Rea1 Bh6 {[#]} 28. Bf2 $1 (28. Rxa4 $6 Rxa4 29. Rxa4 Rxa4 $11) (28. Bxa4 $6 Bxe3+ 29. Qxe3 Qb6 $11) 28... Rb8 29. Rc3 (29. Rxa4 $6 Rxa4 30. Rxa4 Nd8 $16) 29... Nd8 30. Rxc4 Qd7 31. Bd3 Raa8 32. Ra3 Rb7 33. Qc2 Kg7 34. Kh2 Bg5 35. Qc3 Qe7 36. h4 Bh6 (36... Bf6 {might work better.} 37. Qb2 Rc7) 37. Kg1 Qe8 (37... Qd7 $142 38. Rc6 Rbb8) 38. Ra2 Rab8 39. Qa3 Ra8 (39... Qd7 $142 40. Kh2 (40. Qxa4 Qxa4 41. Rxa4 Bd2 $16) 40... Kg8) 40. Rcc2 $18 Kg8 41. b5 {[%cal Bb4b5,Bb5b6][%mdl 32]} Bf8 42. Qb4 Rbb8 43. b6 Nb7 44. Bb5 Qd8 45. Bc6 ({Weaker is} 45. Rxa4 Rxa4 46. Bxa4 (46. Qxa4 Nc5 $11) 46... Nc5 $18) (45. Bxa4 Nc5 $11) 45... Nc5 46. Bxa8 ({Not} 46. Bxc5 dxc5 47. Qc4 Rxb6 $18) 46... Rxb6 47. Qc4 Qxa8 48. Bxc5 dxc5 49. Rxa4 Qd8 50. Rf2 Rb1+ $2 (50... Rb7 51. Kh2 Kg7) 51. Kh2 Bh6 52. Qxc5 $2 (52. Qa2 $18) 52... Bf4 $1 $14 53. Rxf4 exf4 {[%mdl 4096] Endgame KQR-KQR} 54. Qf2 (54. e5 $5 {[%cal Ra4f4]} g5 55. gxf4 $16) 54... fxg3+ {The position is equal.} 55. Qxg3 Qf6 56. Ra8+ Kh7 57. Ra2 {Black must now prevent Rf2.} Rf1 $1 58. e5 Qb6 59. Re2 Qg1+ 60. Kh3 {White wants to play Qe3.} Qd4 {( -> ...Rh1+)} 61. Kh2 Rf4 62. Kh3 Rf1 {Precision: White = 76%, Black = 50%.} 1/2-1/2